| 000 | 00540nam a2200181Ia 4500 | ||
|---|---|---|---|
| 008 | 090123s9999 xx 000 0 und d | ||
| 082 | _b27355 | ||
| 100 | _aसाने शुभदा | ||
| 245 | _aमनातली गोष्ट | ||
| 250 | _a1 | ||
| 260 | _bसानिया पब्लिकेशन | ||
| 300 | _a149 | ||
| 600 | _aसाने शुभदा | ||
| 630 | _aमनातली गोष्ट | ||
| 700 | _aसाने शुभदा | ||
| 730 | _aमनातली गोष्ट | ||
| 942 | _cBOOK | ||
| 999 |
_c65637 _d65637 |
||